El Lourdes de Arizona

Uloženo v:
Podrobná bibliografie
Hlavní autor: Amantea, Carlos (Autor)
Médium: Kniha
Jazyk:španělština
Vydáno: Santiago Cuatro Vientos 1990
Témata:
Tagy: Přidat tag
Žádné tagy, Buďte první, kdo vytvoří štítek k tomuto záznamu!

MARC

LEADER 00000cam a2200000 a 4500
001 UCF6068
003 CL-VaPUC
008 130411e19900000CL |||||||||||||||||spa|d
020 |a 8489333319 
082 0 4 |a 616.8914  |b AMA  |2 21 
100 0 |a Amantea, Carlos  |e author  |9 568080 
245 1 3 |a El Lourdes de Arizona 
300 |a 175 p 
942 |c BK 
945 |d 20130411 00:00:00  |a dcastane 
260 |a Santiago  |b Cuatro Vientos  |c 1990 
650 7 |a PSICOTERAPIA  |2 CL-VaPUC  |9 568081 
650 0 |a Naturaleza humana   |9 308593 
583 |a last modification  |c 20130411 10:22:00  |k Rodrigo Vera 
999 |c 351416  |d 351414 
952 |0 0  |1 0  |4 0  |6 616_891400000000000_AMA_1990  |7 0  |8 A  |9 455503  |a BIBEDU  |b BIBEDU  |d 2019-11-22  |i 4961498  |o 616.8914 AMA 1990  |p 4961498  |r 2019-11-22  |w 2019-11-22  |y BK  |k PSI